00634nam a22002057a 450000500170000001000400001702000260005703500170008303500130010003700260011303700130013908200100015210000160016224500700017826000340024827000600028230000390034250000190038170000280040020160614105727.0 a1516EN07 B-599218-235 ENG-115281 c399.00a9788126548521 aB-599218-235 aEN-98813 bAsian Book Centre/Ven bDBAD/PUB a658.2 aCapon, Noel aManaging marketing : cby Noel Capon [and] ba concise approach / aNew Delhi bWiley Indiac2015 a4435-36/7, Ansari Road, Daryaganj, bNew Delhi e110002 avarious pagings :c28cm(pbk)bill. aIncludes index aSiddharth Shekhar Singh